Henry and beezus / (Record no. 21558)
[ view plain ]
| 000 -LEADER | |
|---|---|
| fixed length control field | 02230cam a2200337 a 4500 |
| 005 - DATE AND TIME OF LATEST TRANSACTION | |
| control field | 20031223200516.0 |
| 008 - FIXED-LENGTH DATA ELEMENTS--GENERAL INFORMATION | |
| fixed length control field | 010423r19901962nyua c 000 1 eng |
| 010 ## - LCCN (DPL NO) | |
| LC control number | B-345433-440 |
| 020 ## - INTERNATIONAL STANDARD BOOK NUMBER | |
| International Standard Book Number | 9780380709144 |
| Terms of availability | 154.80 |
| 035 ## - SYSTEM CONTROL NUMBER | |
| System control number | B-345433-440 |
| 037 ## - SOURCE OF ACQUISITION | |
| Source of stock number/acquisition | Tarun Books |
| 040 ## - CATALOGING SOURCE | |
| Original cataloging agency | dpl |
| Language of cataloging | English |
| 082 ## - DEWEY DECIMAL CLASSIFICATION NUMBER | |
| Classification number | S |
| 100 ## - MAIN ENTRY--PERSONAL NAME | |
| Personal name | Cleary, Beverly |
| 245 ## - TITLE STATEMENT | |
| Title | Henry and beezus / |
| Statement of responsibility, etc | by Beverly Cleary; illustrated by Tracy Dockray |
| 260 ## - PUBLICATION, DISTRIBUTION, ETC. (IMPRINT) | |
| Place of publication, distribution, etc | New York |
| Name of publisher, distributor, etc | Harper Collins Publishers |
| Date of publication, distribution, etc | 2007 |
| 270 ## - ADDRESS | |
| Address | 10 East 53rd Street |
| City | New York |
| Postal code | NY 10022 |
| 300 ## - PHYSICAL DESCRIPTION | |
| Extent | 201, 11p. : |
| Other physical details | ill. |
| Dimensions | 19cm(pbk) |
| 650 ## - SUBJECT ADDED ENTRY--TOPICAL TERM | |
| Form subdivision | Fiction. |
| 700 ## - ADDED ENTRY--PERSONAL NAME | |
| Personal name | Dockray, Tracy |
| 942 ## - ADDED ENTRY ELEMENTS (KOHA) | |
| Source of classification or shelving scheme | Dewey Decimal Classification |
| Item type | Children Books |
| Classification part | S |
| Call number suffix | CLE |
| Withdrawn status | Lost status | Source of classification or shelving scheme | Damaged status | Not for loan | Collection code | Home library | Current library | Date acquired | Source of acquisition | Cost, normal purchase price | Total Checkouts | Total Renewals | Full call number | Barcode | Date last seen | Copy number | Cost, replacement price | Koha item type |
|---|---|---|---|---|---|---|---|---|---|---|---|---|---|---|---|---|---|---|
| Dewey Decimal Classification | Fiction | Bawana | Bawana | 29/09/2009 | Tarun Books/3947/21.5.09/13/23.4.09/4.7.09 | 154.80 | S CLE | B-345439 | 29/09/2009 | 1 | 154.80 | Children Books | ||||||
| Dewey Decimal Classification | Fiction | Central Library | Central Library | 29/09/2009 | Tarun Books/3947/21.5.09/13/23.4.09/4.7.09 | 154.80 | 3 | 1 | S CLE | B-345433 | 24/05/2024 | 1 | 154.80 | Children Books | ||||
| Dewey Decimal Classification | Fiction | Karol Bagh | Karol Bagh | 29/09/2009 | Tarun Books/3947/21.5.09/13/23.4.09/4.7.09 | 154.80 | S CLE | B-345437 | 29/09/2009 | 1 | 154.80 | Children Books | ||||||
| Dewey Decimal Classification | Fiction | Narela | Narela | 29/09/2009 | Tarun Books/3947/21.5.09/13/23.4.09/4.7.09 | 154.80 | S CLE | B-345438 | 29/09/2009 | 1 | 154.80 | Children Books | ||||||
| Dewey Decimal Classification | Fiction | Patel Nagar | Patel Nagar | 29/09/2009 | Tarun Books/3947/21.5.09/13/23.4.09/4.7.09 | 154.80 | S CLE | B-345434 | 29/09/2009 | 1 | 154.80 | Children Books | ||||||
| Dewey Decimal Classification | Fiction | Peshwa Road | Peshwa Road | 29/09/2009 | Tarun Books/3947/21.5.09/13/23.4.09/4.7.09 | 154.80 | 1 | S CLE | B-345435 | 21/05/2026 | 1 | 154.80 | Children Books | |||||
| Dewey Decimal Classification | Fiction | Sarojini Nagar | Sarojini Nagar | 29/09/2009 | Tarun Books/3947/21.5.09/13/23.4.09/4.7.09 | 154.80 | 2 | 1 | S CLE | B-345436 | 11/04/2025 | 1 | 154.80 | Children Books | ||||
| Dewey Decimal Classification | Fiction | Shahdara Branch | Shahdara Branch | 29/09/2009 | Tarun Books/3947/21.5.09/13/23.4.09/4.7.09 | 154.80 | S CLE | B-345440 | 29/09/2009 | 1 | 154.80 | Children Books |
